Modernity at large /
Guardado en:
| Hovedforfatter: | |
|---|---|
| Format: | Ukendt |
| Sprog: | English |
| Udgivet: |
Minneapolis, Minn :
University of Minnesota Press,
1996.
|
| Fag: | |
| Tags: |
Tilføj Tag
Ingen Tags, Vær først til at tagge denne postø!
|
MARC
| LEADER | 000000000a22000000004500 | ||
|---|---|---|---|
| 001 | 014213 | ||
| 020 | |a 0816627932 | ||
| 041 | 0 | |a eng | |
| 082 | 0 | 4 | |a 306.20 |b P646m |
| 100 | 1 | |a Appadurai, Arjun, |d 1949- | |
| 245 | 1 | 0 | |a Modernity at large / |c Arjun Appadurai. |
| 260 | 1 | |a Minneapolis, Minn : |b University of Minnesota Press, |c 1996. | |
| 300 | |a 229 páginas ; |c 24 cm. | ||
| 650 | 4 | |a CULTURA | |
| 650 | 4 | |a CIVILIZACION MODERNA | |
| 650 | 4 | |a ASPECTOS SOCIALES | |
| 500 | |a Colección George Yúdice | ||
| 999 | |c 20108 |d 20108 | ||
| 942 | |c BK |h 306.20 P646m |2 z | ||



